[Event "Budapest FS10 FM"]
[Site "Budapest"]
[Date "2015.10.10"]
[Round "8"]
[White "Rabovszky, Gyorgy"]
[Black "Bensaid, Simon"]
[Result "1-0"]
[WhiteElo "1840"]
[BlackElo "1878"]
[PlyCount "59"]
[EventDate "2015.10.03"]
[EventType "tourn"]
[EventRounds "10"]
[EventCountry "HUN"]
[SourceTitle "CBM 168 Extra"]
[Source "ChessBase"]
[SourceDate "2015.10.29"]
[SourceVersion "1"]
[SourceVersionDate "2015.10.29"]
[SourceQuality "1"]

1. e4 c6 2. d4 d5 3. f3 dxe4 4. fxe4 e5 5. Nf3 Bg4 6. Bc4 Nd7 7. c3 Ngf6 8. Qb3 Qb6 9. Bxf7+ Ke7 10. 0-0 Qxb3 11. Bxb3 Nxe4 12. dxe5 h6 13. Bc2 Nec5 14. Be3 g5 15. Nbd2 Bg7 16. h3 Bh5 17. Bd4 Ne6 18. b4 Rhd8 19. Nc4 b6 20. g4 c5 21. Be3 Be8 22. bxc5 Ndxc5 23. Nd6 Rxd6 24. exd6+ Kxd6 25. Nd4 Nxd4 26. cxd4 Ne6 27. Bb3 Bb5 28. Rf7 Bxd4 29. Rd1 Kc5 30. Rf5+ 1-0